ბათუმის შოთა რუსთაველის სახელმწიფო უნივერსიტეტის ბიბლიოთეკა

Javascript for Beginners (ბიბ.ჩანაწერი № 49540)

000 -LEADER
fixed length control field 00849nam a2200229Ia 4500
001 - CONTROL NUMBER
control field 16469
003 - CONTROL NUMBER IDENTIFIER
control field GE_BSU
008 - FIXED-LENGTH DATA ELEMENTS--GENERAL INFORMATION
fixed length control field 181216s||||||||xx |||||||||||||| ||und||
020 ## - INTERNATIONAL STANDARD BOOK NUMBER
International Standard Book Number 978-0988842953
040 ## - CATALOGING SOURCE
Transcribing agency GE_BSU
080 ## - UNIVERSAL DECIMAL CLASSIFICATION NUMBER
Universal Decimal Classification number 004.45
100 ## - MAIN ENTRY--PERSONAL NAME
Personal name Lassoff, Makr
245 ## - TITLE STATEMENT
Title Javascript for Beginners
260 ## - PUBLICATION, DISTRIBUTION, ETC.
Place of publication, distribution, etc. USA
260 ## - PUBLICATION, DISTRIBUTION, ETC.
Name of publisher, distributor, etc. LearnToProgram.tv
260 ## - PUBLICATION, DISTRIBUTION, ETC.
Date of publication, distribution, etc. 2013
300 ## - PHYSICAL DESCRIPTION
Extent 292 pages,23cm.
653 ## - INDEX TERM--UNCONTROLLED
Uncontrolled term Have you wanted to learn how to program? Have you wanted to improve your web site, or your web site development skills? Do you know some HTML and want to take the next steps? Are you a graphic or web designer who wants to be more employable? These days competent programmers have identified Javascrip
653 ## - INDEX TERM--UNCONTROLLED
Uncontrolled term კომპიუტერული ტექნოლოგიები
942 ## - ADDED ENTRY ELEMENTS (KOHA)
Koha item type წიგნი
ეგზემპლარები
Withdrawn status Lost status Damaged status Not for loan Date acquired Barcode Date last seen Price effective from Koha item type
        2018-12-17 41178 2018-12-17 2018-12-17 წიგნი